书目信息 |
| 题名: |
植物及植物生理
|
|
| 作者: | 王丽平 , 贾光宏 , 陈会军 编 | |
| 分册: | ||
| 出版信息: | 北京 化学工业出版社 2006 |
|
| 页数: | 336页 | |
| 开本: | 21cm | |
| 丛书名: | ||
| 单 册: | ||
| 中图分类: | Q94 , Q945 | |
| 科图分类: | ||
| 主题词: | 植物学--教材 , 植物生理学--教材 , 植物学 , 植物生理学 | |
| 电子资源: | ||
| ISBN: | 7-5025-7768-8 | |
| 000 | 00941nam0 2200301 450 | |
| 001 | 1571575522 | |
| 005 | 20150129195329.09 | |
| 010 | @a7-5025-7768-8@dCNY19.00 | |
| 100 | @a20060104d2006 em y0chiy50 ea | |
| 101 | 0 | @achi |
| 102 | @aCN@b110000 | |
| 105 | @aa z 000yy | |
| 200 | 1 | @a植物及植物生理@9zhi wu ji zhi wu sheng li@f王丽平,贾光宏,陈会军编 |
| 210 | @a北京@c化学工业出版社@d2006 | |
| 215 | @a336页@c图@d21cm | |
| 300 | @a园林花卉职业技能教程 | |
| 330 | @a本书分两篇十二章,介绍了植物的细胞和组织、种子和幼苗、根、茎、叶、营养器官的变态、植物的开花结实等知识。 | |
| 606 | 0 | @a植物学@j教材 |
| 606 | 0 | @a植物生理学@j教材 |
| 606 | 0 | @a植物学 |
| 606 | 0 | @a植物生理学 |
| 690 | @aQ94@v5 | |
| 690 | @aQ945@v5 | |
| 701 | 0 | @a王丽平@9wang li ping@c(园林)@4编 |
| 701 | 0 | @a贾光宏@9jia guang hong@c(园林)@4编 |
| 701 | 0 | @a陈会军@9chen hui jun@c(园林)@4编 |
| 801 | 0 | @aCN@bTSSF@c20150129 |
| 905 | @aZUCC@dQ94@eJY32 | |
| 植物及植物生理/王丽平,贾光宏,陈会军编.-北京:化学工业出版社,2006 |
| 336页:图;21cm |
| 园林花卉职业技能教程 |
| ISBN 7-5025-7768-8:CNY19.00 |
| 本书分两篇十二章,介绍了植物的细胞和组织、种子和幼苗、根、茎、叶、营养器官的变态、植物的开花结实等知识。 |
| ● |
| 相关链接 |
|
|
|
|
正题名:植物及植物生理
索取号:Q94/JY32
 
预约/预借
| 序号 | 登录号 | 条形码 | 馆藏地/架位号 | 状态 | 备注 |
| 1 | 7862864 | 278628647 | 学院路分馆/ [索取号:Q94/JY32] | 在馆 | |
| 2 | 7862865 | 278628656 | 学院路分馆/ [索取号:Q94/JY32] | 在馆 |